An introduction to linguistics / (Record no. 127586)

MARC details
000 -LEADER
fixed length control field 00665nam a22002297a 4500
005 - DATE AND TIME OF LATEST TRANSACTION
control field 20170124110027.0
010 ## - LIBRARY OF CONGRESS CONTROL NUMBER
LC control number A-712475
020 ## - INTERNATIONAL STANDARD BOOK NUMBER
Terms of availability 00.00
035 ## - SYSTEM CONTROL NUMBER
System control number A-712475
037 ## - SOURCE OF ACQUISITION
Source of stock number/acquisition Cen Lib/Ret
040 ## - CATALOGING SOURCE
Original cataloging agency DPL
Language of cataloging EN
082 ## - DEWEY DECIMAL CLASSIFICATION NUMBER
Classification number 410
Item number BHA
100 ## - MAIN ENTRY--PERSONAL NAME
Personal name Bhat, D.N.S.
9 (RLIN) 20925
245 ## - TITLE STATEMENT
Title An introduction to linguistics /
Statement of responsibility, etc by D.N.S.Bhat
260 ## - PUBLICATION, DISTRIBUTION, ETC. (IMPRINT)
Place of publication, distribution, etc Imphal
Name of publisher, distributor, etc Teachers forum
Date of publication, distribution, etc 1986
270 ## - ADDRESS
Address Canchipur
City Imphal
300 ## - PHYSICAL DESCRIPTION
Extent 188p.
Dimensions 19cm(Hb)
500 ## - GENERAL NOTE
General note Includes bibliographical reference and index
650 ## - SUBJECT ADDED ENTRY--TOPICAL TERM
Topical term or geographic name as entry element Grammar, Comparative and general
9 (RLIN) 20926
650 ## - SUBJECT ADDED ENTRY--TOPICAL TERM
Topical term or geographic name as entry element Language and languages
9 (RLIN) 20927
942 ## - ADDED ENTRY ELEMENTS (KOHA)
Source of classification or shelving scheme Dewey Decimal Classification
Koha item type English Books
Classification part 410
Call number suffix BHA
Holdings
Withdrawn status Lost status Damaged status Not for loan Home library Current library Date acquired Source of acquisition Cost, normal purchase price Total Checkouts Full call number Barcode Date last seen Copy number Cost, replacement price Price effective from Koha item type
        Central Library Central Library 30/06/2015 Cen Lib/Ret 0.00   410 BHA A-712475 30/06/2015 1 0.00 30/06/2015 English Books

© Delhi Public Library
Hit Counter
free hit counter